Reuse of foundations (Record no. 107465)

MARC details
000 -LEADER
fixed length control field 01553cam a22002775a 4500
001 - CONTROL NUMBER
control field L140271
008 - FIXED-LENGTH DATA ELEMENTS--GENERAL INFORMATION
fixed length control field 070913s2007 xxkabd f 000 0 eng d
020 ## - INTERNATIONAL STANDARD BOOK NUMBER
International Standard Book Number 0860176533
035 ## - SYSTEM CONTROL NUMBER
System control number (Sirsi) u140271
041 0# - LANGUAGE CODE
Language code of text/sound track or separate title eng
050 04 - LIBRARY OF CONGRESS CALL NUMBER
Classification number 624.15 $2 18
100 1# - MAIN ENTRY--PERSONAL NAME
Personal name Chapman, T
245 00 - TITLE STATEMENT
Title Reuse of foundations
260 ## - PUBLICATION, DISTRIBUTION, ETC.
Place of publication, distribution, etc. London
Name of publisher, distributor, etc. CIRIA
Date of publication, distribution, etc. 2007
300 ## - PHYSICAL DESCRIPTION
Extent viii, 52p.
Other physical details ill.
Dimensions 30cm.
350 ## - PRICE (NR) (BK AM CF MU VM SE) [OBSOLETE]
Price 30
490 #0 - SERIES STATEMENT
Series statement CIRIA
Volume/sequential designation C653
505 2# - FORMATTED CONTENTS NOTE
Formatted contents note Introduction -- Requirements for any foundation -- How can foundations be reused? -- Technical considerations for reuse of old foundations -- Allowing new foundations to be reused in the future -- Questions a developer should ask his team when contemplating foundation reuse -- References -- The RuFUS project -- Case studies -- List of figures -- List of tables -- List of case studies
520 ## - SUMMARY, ETC.
Summary, etc. Aims to draw together experience of reusing foundations across Europe and analyse existing knowledge and the latest research. Aims to provide a sound understanding of the background to foundation reuse and the key issues. It gives advice on how to address risk through sound engineering principles. Presents technical guidance on the processes for deciding on the correct foundation options. It also provides advice on investigation, design and construction using reused foundations.
590 ## - LOCAL NOTE (RLIN)
Local note KA
651 #4 - SUBJECT ADDED ENTRY--GEOGRAPHIC NAME
Geographic name England and Wales
Chronological subdivision 1543-
690 ## - LOCAL SUBJECT ADDED ENTRY--TOPICAL TERM (OCLC, RLIN)
Topical term or geographic name as entry element BUILT ENVIRONMENT-BUILDING ELEMENTS-COMPLETE BUILDING ELEMENTS-FOUNDATIONS
700 1# - ADDED ENTRY--PERSONAL NAME
Personal name Anderson, S
700 1# - ADDED ENTRY--PERSONAL NAME
Personal name Windle, Jan
942 ## - ADDED ENTRY ELEMENTS (KOHA)
Suppress in OPAC 0
Holdings
Withdrawn status Lost status Source of classification or shelving scheme Damaged status Not for loan Home library Current library Shelving location Date acquired Total Checkouts Full call number Barcode Date last seen Copy number Price effective from Koha item type
    Dewey Decimal Classification     London London Folio 18/09/2007   F624.15 CHA 30074279 06/08/2019 1 06/08/2019 Book